000 00470nam a2200157 i 4500
001 22777
003 ES-MaACL
005 20230906152744.0
007 t|
008 021204s1969 sp ||||1| spa d
100 1 _aAlonso Tejada, Luis.
_920414
245 1 0 _aOcaso de la inquisición en los últimos años del reinado de Fernando VII /
_cLuis Alonso Tejada.
260 _a[Madrid :
_bZero,
_c1969]
300 _a257 p. ;
_c20 cm.
852 _aES-MaACL
_jC-39756
_bR.72102
999 _c22777
_d22777